| 000 | 00721nam a22002057a 4500 | ||
|---|---|---|---|
| 999 |
_c17114 _d17114 |
||
| 003 | AR-CdUCM | ||
| 008 | 190507b ||||| |||| 00| 0 spa d | ||
| 040 |
_aMUNICIPALIDAD PROVINCIAL DEL CUSCO _cBIBLIOTECA MUNICIPAL DEL CUSCO |
||
| 082 |
_a986 / _bL82 |
||
| 100 |
_aLondoño, Julio _936969 |
||
| 245 | _aNación en crisis / | ||
| 260 |
_aBogota : _bSantafe, _c1955. |
||
| 300 |
_a212 paginas ; _c20 cm. |
||
| 505 | _aContenido :El carácter --La política --La antiutopia --El espacio --El espacio contra el tiempo --Integración y desintegración --Cultura y metafísica ... | ||
| 650 |
_aNacion _917423 |
||
| 650 |
_aPolítica _9291 |
||
| 650 |
_aEtica _91337 |
||
| 942 |
_2ddc _cLIBROS |
||
| 945 |
_arjall _d2019-05-07 |
||